| 000 | 01591cam a22003255a 4500 | ||
|---|---|---|---|
| 001 | L159506 | ||
| 008 | 170725s2017 xxk f 000 0 eng d | ||
| 035 | _a(Sirsi) u159506 | ||
| 041 | 0 | _aeng | |
| 050 | 0 | 4 | _a711.1 |
| 110 | 2 |
_aRoyal Institution of Chartered Surveyors _94900 |
|
| 245 | 0 | 0 |
_aInfrastructure management _bcurrent practices and future trends _h[electronic resource] |
| 260 |
_aLondon _bRICS _c2017 |
||
| 300 | _a48p. | ||
| 490 | 0 | _aRICS Insight | |
| 490 | 0 | _aRICS Research | |
| 520 | _aDelivers insights from industry leaders on the current environment, while offering guidance on how to influence and restore this central pillar of economic growth. It begins by examining demand for infrastructure improvements and provides context on how the current North American infrastructure environment came about. Once this background is established, the report engages in a five-part discussion that integrates expertise from the RICS roundtable participants with the latest research on public infrastructure management. | ||
| 590 | _aNTK | ||
| 650 | 2 | 4 | _aINFRASTRUCTURE FINANCE |
| 650 | 2 | 4 | _aINFRASTRUCTURE INVESTMENT |
| 650 | 2 | 4 | _aINFRASTRUCTURE MANAGEMENT |
| 650 | 2 | 4 | _aINFRASTRUCTURE PLANNING |
| 651 | _aUNITED STATES OF AMERICA | ||
| 690 |
_aInfrastructure _96246 |
||
| 700 | 1 | _aMelton, Lawrence A. | |
| 700 | 1 | _aDilley, Charles K. | |
| 710 | 1 | _aThe Building People | |
| 856 | 4 | 0 |
_uhttps://www.rics.org/content/dam/ricsglobal/documents/to-be-sorted/infrastructure-management-current-practices-and-future-trends-rics.pdf _zView on RICS.org |
| 942 |
_n0 _2ddc |
||
| 999 |
_c115965 _d115965 |
||